<?xml version="1.0" encoding="UTF-8"?>
<record
    xmlns:xsi="http://www.w3.org/2001/XMLSchema-instance"
    xsi:schemaLocation="http://www.loc.gov/MARC21/slim http://www.loc.gov/standards/marcxml/schema/MARC21slim.xsd"
    xmlns="http://www.loc.gov/MARC21/slim">

  <leader>03238nam a2200325 a 4500</leader>
  <controlfield tag="001">BRCA_2638</controlfield>
  <controlfield tag="005">20190320203912.0</controlfield>
  <controlfield tag="008">011208s1883----sp-a---###---#000-0#spa-u</controlfield>
  <datafield tag="041" ind1=" " ind2=" ">
    <subfield code="a">spa</subfield>
  </datafield>
  <datafield tag="044" ind1=" " ind2=" ">
    <subfield code="a">sp</subfield>
  </datafield>
  <datafield tag="084" ind1=" " ind2=" ">
    <subfield code="a">193</subfield>
    <subfield code="b">.M67</subfield>
    <subfield code="c">1883</subfield>
  </datafield>
  <datafield tag="100" ind1="1" ind2=" ">
    <subfield code="a">Cervantes Saavedra, Miguel de</subfield>
    <subfield code="d">1547-1616</subfield>
    <subfield code="9">213</subfield>
  </datafield>
  <datafield tag="245" ind1="1" ind2="0">
    <subfield code="a">El Ingenioso Hidalgo Don Quijote de la Mancha</subfield>
    <subfield code="c">compuesto por Miguel de Cervantes Saavedra.</subfield>
  </datafield>
  <datafield tag="260" ind1=" " ind2=" ">
    <subfield code="a">Barcelona</subfield>
    <subfield code="b">Montaner y Sim&#xF3;n</subfield>
    <subfield code="c">1883</subfield>
  </datafield>
  <datafield tag="300" ind1=" " ind2=" ">
    <subfield code="a">2 v.</subfield>
    <subfield code="b">il. (algunas a color)</subfield>
    <subfield code="c">39 cm.</subfield>
  </datafield>
  <datafield tag="500" ind1=" " ind2=" ">
    <subfield code="a">Contenido : v 1. Primera parte. Retrato de Cervantes. Vida de Cervantes por Nicol&#xE1;s D&#xED;az de Benjumea. Dedicatoria del autor. Pr&#xF3;logo del autor. Versos preliminares. Notas sobre el sentido espiritual del Quijote. Texto. -- v 2. Segunda parte. Dedicatoria del autor. Pr&#xF3;logo del autor. Notas. Texto</subfield>
  </datafield>
  <datafield tag="500" ind1=" " ind2=" ">
    <subfield code="a">Edici&#xF3;n : Anotada por Nicol&#xE1;s D&#xED;az de Bejumea e ilustrada por Ricardo Balaca</subfield>
  </datafield>
  <datafield tag="500" ind1=" " ind2=" ">
    <subfield code="a">Magn&#xED;fica edici&#xF3;n monumental que constituye un verdadero orgullo del arte gr&#xE1;fico catal&#xE1;n, debido al indiscutible m&#xE9;rito de los dos artistas, Balaca y Pellicer, que tan concienzudamente supieron ilustrarla con sus dibujos, as&#xED; como al retrato de Cervantes, primorosamente grabado por B. Maura. L&#xE1;stima que la parte literaria de esta suntuosa edici&#xF3;n no est&#xE9; a la altura y nivel de su soberbia impresi&#xF3;n, ya que los editores tuvieron el desacierto de tomar por modelo el texto tan adulterado y viciado de la edici&#xF3;n arreglada por E. Hartzenbusch, al cual sigue paso a paso, salvo en contadas y ligeras variantes. En cambio, acertaron en restituir el escudo de la edici&#xF3;n pr&#xED;ncipe, como tambi&#xE9;n en encargar las notas y la biograf&#xED;a de Cervantes al c&#xE9;lebre patriarca de los esoteristas, agudo y perspicaz cervantista, Nicol&#xE1;s D&#xED;az de Bejumena, qui&#xE9;n a pesar de muchos desvar&#xED;os y fantas&#xED;as en torno al sentido esot&#xE9;rico de la obra, aport&#xF3; mucho al esclarecimineto de la realidad hist&#xF3;rica de la &#xE9;poca cervantina y llam&#xF3; poderosamente la atenci&#xF3;n de la cr&#xED;tica objetiva a los profundos problemas de la filosof&#xED;a de la vida y las s&#xE1;tiras que pululan en la novela. Asimismo la biograf&#xED;a de Cervantes, escrita por el mismo comentador, est&#xE1; llena de penetrantes ideas nuevas sobre la vida ejemplar y her&#xF3;ica del Manco de Lepanto, sus desdichas y sufrimientos. D&#xED;az de Bejumea fue, adem&#xE1;s, un vigoroso y &#xE1;gil polemista contra la absurda tesis conservadora, seg&#xFA;n la cual el Quijote no ser&#xED;a m&#xE1;s que una pobre burla de los libros de caballer&#xED;a, tesis a&#xFA;n hoy tenazmente defendida por los cr&#xED;ticos conservadores. Bellamente encuadernada y profusamente decorada con adornos multicolores L&#xFA;dovik Osterc</subfield>
  </datafield>
  <datafield tag="500" ind1=" " ind2=" ">
    <subfield code="a">Estado f&#xED;sico : Ecuadernaci&#xF3;n desprendida</subfield>
  </datafield>
  <datafield tag="500" ind1=" " ind2=" ">
    <subfield code="a">QM183</subfield>
  </datafield>
  <datafield tag="650" ind1="1" ind2="4">
    <subfield code="a">Novela espa&#xF1;ola</subfield>
    <subfield code="y">&#xC9;poca cl&#xE1;sica, 1500-1700</subfield>
    <subfield code="9">215</subfield>
  </datafield>
  <datafield tag="650" ind1="1" ind2="4">
    <subfield code="a">Literatura espa&#xF1;ola</subfield>
    <subfield code="y">&#xC9;poca cl&#xE1;sica, 1500-1700</subfield>
    <subfield code="9">216</subfield>
  </datafield>
  <datafield tag="650" ind1="1" ind2="4">
    <subfield code="a">Novela espa&#xF1;ola</subfield>
    <subfield code="y">Siglo XVII</subfield>
    <subfield code="9">217</subfield>
  </datafield>
  <datafield tag="650" ind1="1" ind2="4">
    <subfield code="a">Don Quijote (Personaje ficticio)</subfield>
    <subfield code="e">Novela</subfield>
    <subfield code="9">218</subfield>
  </datafield>
  <datafield tag="700" ind1="1" ind2=" ">
    <subfield code="a">D&#xED;az de Bejumea, Nicol&#xE1;s</subfield>
    <subfield code="d">1820-1884</subfield>
    <subfield code="e">Anotador</subfield>
    <subfield code="9">7506</subfield>
  </datafield>
  <datafield tag="700" ind1="1" ind2=" ">
    <subfield code="a">Balaca y Canseco, Ricardo</subfield>
    <subfield code="d">1844-1880</subfield>
    <subfield code="e">Ilustrador</subfield>
    <subfield code="9">7507</subfield>
  </datafield>
  <datafield tag="740" ind1="0" ind2=" ">
    <subfield code="a">El Ingenioso Hidalgo Don Quijote de la Mancha</subfield>
  </datafield>
  <datafield tag="902" ind1=" " ind2=" ">
    <subfield code="a">QFM</subfield>
  </datafield>
  <datafield tag="942" ind1=" " ind2=" ">
    <subfield code="2">lcc</subfield>
    <subfield code="c">B</subfield>
  </datafield>
  <datafield tag="999" ind1=" " ind2=" ">
    <subfield code="c">2378</subfield>
    <subfield code="d">2378</subfield>
  </datafield>
  <datafield tag="952" ind1=" " ind2=" ">
    <subfield code="0">0</subfield>
    <subfield code="1">0</subfield>
    <subfield code="4">0</subfield>
    <subfield code="7">0</subfield>
    <subfield code="a">BRCA</subfield>
    <subfield code="b">BRCA</subfield>
    <subfield code="d">2008-12-01</subfield>
    <subfield code="i">QM183</subfield>
    <subfield code="l">0</subfield>
    <subfield code="o">193 .M67 1883 (QM183)</subfield>
    <subfield code="p">2635</subfield>
    <subfield code="r">2019-03-22 00:00:00</subfield>
    <subfield code="w">2019-03-22</subfield>
    <subfield code="y">B</subfield>
  </datafield>
</record>
